Design of reinforced concrete elements / (Record no. 1540)

MARC details
000 -LEADER
fixed length control field 00553nam a2200169 a 4500
020 ## - INTERNATIONAL STANDARD BOOK NUMBER
ISBN 0711456461 (paperback)
020 ## - INTERNATIONAL STANDARD BOOK NUMBER
ISBN 9780711456464 (paperback)
100 1# - MAIN ENTRY--AUTHOR NAME
Personal name Clements, R.W.
245 10 - TITLE STATEMENT
Title Design of reinforced concrete elements /
250 ## - EDITION STATEMENT
Edition statement 2nd Revised edition.
260 ## - PUBLICATION, DISTRIBUTION, ETC. (IMPRINT)
Place of publication [S.l.] :
Name of publisher George Godwin Ltd,
Year of publication 1981.
300 ## - PHYSICAL DESCRIPTION
Number of Pages 128 p.
856 40 - ELECTRONIC LOCATION AND ACCESS
Uniform Resource Identifier http://www.amazon.com/exec/obidos/ASIN/0711456461/chopaconline-20
Holdings
Withdrawn status Lost status Home library Current library Date acquired Cost, normal purchase price Full call number Accession Number Koha item type Collection code
    Reference Section Reference Section 07/05/2014 0.00 624.1834CLE (Shelf - 72B) 11948 Books Reference
    Seminar Library, Civil Engg. Seminar Library, Civil Engg. 07/05/2014 0.00 624.1834CLE 11947 Books